Представление документа в формате MARC21

Поле Инд. ПП Название Значение
Тип записи a
Библиографический уровень b
001 Контрольный номер DU/566672647
005 Дата корректировки 20200617094308.5
008 Кодируемые данные 20171215
040 b Код языка каталог. rus
e Правила каталог. PSBO
041 0_ a Код языка текста rus
084 a Индекс другой классификации/Индекс ББК 22.382
100 1_ a Автор Чавлеишвили М. П.
q Полное имя Чавлеишвили Михаил Петрович
245 10 a Заглавие Принципы симметрии и спиновые эффекты в реакциях с участием элементарных частиц
504 a Библиография Библиогр.: 7 назв.
650 04 a Основная рубрика физика
a Основная рубрика физика элементарных частиц
653 0_ a Ключевые слова кинематические сингулярности
a Ключевые слова протон-протонное рассеяние
a Ключевые слова рассеяние протонов протонами
a Ключевые слова симметрия
a Ключевые слова спин
773 08 t Заглавие источника Вестник Международного университета природы, общества и человека "Дубна" : Серия "Естественные и инженерные науки"
d Дата издания источника 2016
g Прочая информация № 2 (34). - С. 64 - 67
w Контрольный № источника DU/540323393
901 t Тип документа b